La inserción: un eslabón determinante en la profesionalización docente
Salvato in:
| Autore principale: | |
|---|---|
| Natura: | testo |
| Tags: |
Aggiungi Tag
Nessun Tag, puoi essere il primo ad aggiungerne!!
|
MARC
| LEADER | 00000 a a2200000 04500 | ||
|---|---|---|---|
| 001 | 46538 | ||
| 003 | |||
| 040 | |||
| 100 | |a Abréu Van Grieken, Celeste | ||
| 245 | |a La inserción: |b un eslabón determinante en la profesionalización docente |c Celeste Abréu Van Grieken | ||
| 773 | |g volumen37, número2 (2012), páginas 165-182 | ||
| 999 | |c 23206 |d 23206 | ||
